The heavenly fugitive #27/ by Gilbert Morris.
Available copies
- 1 of 1 copy available at LARL/NWRL Consortium.
Current holds
0 current holds with 1 total copy.
Show Only Available Copies
| Location | Call Number / Copy Notes | Barcode | Shelving Location | Status | Due Date |
|---|---|---|---|---|---|
| Greenbush Public Library | MOR (Text) | 35500005503212 | Main | Available | - |
Record details
- ISBN: 0764225995 (pbk.)
- Physical Description: 319 p. ; 21 cm.
- Publisher: Minneapolis, Minn. : Bethany House Publishers, 2002.
Search for related items by subject
| Subject: | Winslow family (Fictitious characters) > Fiction. Brothers and sisters > Fiction. Organized crime > Fiction. New York (N.Y.) > Fiction. |
| Genre: | Historical fiction. Christian fiction. |
Search for related items by series
| LDR | 01175cam a22003258a 4500 | ||
|---|---|---|---|
| 001 | 38635 | ||
| 003 | LARL_NWRL_CONSORTIUM | ||
| 005 | 20010921111332.0 | ||
| 008 | 010914s2002 mnu 000 0 eng | ||
| 020 | . | ‡a0764225995 (pbk.) | |
| 035 | . | ‡a(OCoLC)48014849 | |
| 035 | 0 | 0. | ‡ilcmarc/BAE-2468/LARLTECH |
| 082 | 0 | 0. | ‡a813/.54 ‡221 |
| 099 | . | ‡aMor | |
| 100 | 1 | . | ‡aMorris, Gilbert. ‡0(LARL_NWRL_CONSORTIUM)79264 |
| 245 | 1 | 4. | ‡aThe heavenly fugitive ‡n#27/ ‡cby Gilbert Morris. |
| 260 | . | ‡aMinneapolis, Minn. : ‡bBethany House Publishers, ‡c2002. | |
| 300 | . | ‡a319 p. ; ‡c21 cm. | |
| 490 | 0 | . | ‡aHouse of Winslow ; ‡v27 |
| 650 | 0. | ‡aWinslow family (Fictitious characters) ‡vFiction. ‡0(LARL_NWRL_CONSORTIUM)167948 | |
| 650 | 0. | ‡aBrothers and sisters ‡vFiction. ‡0(LARL_NWRL_CONSORTIUM)163634 | |
| 650 | 0. | ‡aOrganized crime ‡vFiction. ‡0(LARL_NWRL_CONSORTIUM)166507 | |
| 651 | 0. | ‡aNew York (N.Y.) ‡vFiction. ‡0(LARL_NWRL_CONSORTIUM)166410 | |
| 655 | 7. | ‡aHistorical fiction. ‡2gsafd | |
| 655 | 7. | ‡aChristian fiction. ‡2gsafd | |
| 901 | . | ‡a38635 ‡bOCLC ‡c38635 ‡tbiblio | |

Add to basket
Permalink
Disable Highlighting